000 01124cam a2200277 i 4500
005 20160217114040.0
008 941210s1993 ec a 00010 spa d
020 _a997804017X
040 _ala
_cla
_dCO-BoIAVH
041 0 _aspa
043 _as-ec---
082 0 4 _a581.634
_bK87p
100 1 _aKothari, Brij
245 1 0 _aPlantas medicinales del campo :
_bLa Esperanza, Angochagua y Caranqui, Imbabura = Ñucanchic panpa janpicuna /
_cBrij Kothari ; ilustraciones Solymar López, Misael Acosta-Solis.
260 _aQuito :
_bEdiciones Abya-Yala, Unión de Organizaciones y Comunidades Indígenas de Angochagua, La Esperanza y Caranqui,
_c1993.
300 _axxi, 296 páginas :
_bilustraciones ;
_c21 cm.
500 _aIncluye índice.
650 1 4 _aBotánica médica
_z Ecuador.
650 2 4 _aPlantas medicinales.
_z Ecuador.
650 2 4 _aPlantas útiles
_z Ecuador.
700 1 _aLópez, Solymar,
_eilustrador.
700 1 _aAcosta Solís, Misael,
_d1910-1994,
_eilustrador.
740 0 2 _aNucanchic panpa janpicuna.
942 _2ddc
_cLIBRO
949 _an
_bn
999 _c2286
_d2286